| 000 | 01091cam a2200337 a 4500 | ||
|---|---|---|---|
| 001 | |||
| 003 | DO-SdBNP | ||
| 005 | 20210513135226.0 | ||
| 007 | |||
| 008 | 020930s2017 dr a 000 1 spa | ||
| 010 | _a | ||
| 020 | _a9789945503104 | ||
| 040 |
_aBPMSU _cspa _bBPMSU |
||
| 082 |
_aRD863.5 _bM645s _222 |
||
| 100 | 1 |
_aMilanesse, Otto Oscar _d1959 - |
|
| 245 | 1 | 0 |
_aSueños tras la lluvia y otros cuentos / _cOtto Oscar Milanese _b |
| 246 | 1 | 3 | _aSueños tras la lluvia |
| 260 |
_aSanto Domingo : _bMinisterio de Cultura ; _bEditora Nacional _c 2017 |
||
| 300 |
_a175 p. ; _c21 cm. _b |
||
| 490 | 0 | _aNarrativa | |
| 500 | _3Incluye datos biográficos del autor en la solapa de la cubierta | ||
| 590 | _6Inventariado, 2021/VM | ||
| 611 |
_aFeria Regional del Libro Azua _n(13 : _d2017 : _cAzua, República Dominicana ) |
||
| 650 | 4 |
_aCertámenes literarios _zAzua (República Dominicana) |
|
| 650 | 4 | _aCuentos Dominicanos | |
| 650 | 4 |
_aLiteratura dominicana _v |
|
| 650 | 4 | _a | |
| 700 | 1 |
_aMilanesse, Otto Oscar _d1959 - |
|
| 910 | _aVMateo | ||
| 942 |
_2ddc _cBK |
||
| 999 |
_c13478 _d13478 |
||